000 00813nam a2200181Ia 4500
008 100921s9999 xx 000 0 und d
082 _b12553
_a301.42-3 थ 76
100 _aराजवाडे विश्वनाथ काशिनाथ.
245 _aभारतीय विवाहसंस्थेचा इतिहास.
260 _bप्रागतिक पुस्तक प्रकाशन, पुणे.
_c1976
300 _a118
_b---
365 _b8
520 _aस.शा.कुटुंब-विवाह.
630 _aभारतीय विवाहसंस्थेचा इतिहास.
650 _aस.शा.कुटुंब-विवाह.
730 _aभारतीय विवाहसंस्थेचा इतिहास.
942 _cBOOK
999 _c761666
_d761663